000 00684nam a2200277Ia 4500
005 20260324130641.0
008 008 260324s9999 xx 000 0 eng d
020 _a9780203608302
037 _aEBOOK
040 _aCRL
040 _beng
040 _cCRL
041 _2eng
041 _aeng
084 _qCRL
100 _aDavid Barton; Roz Ivanic; Yvon Appleby; Rachel Hodge; Karin Tusting
_91182577
245 0 _aLiteracy, Lives and Learning
260 _bTaylor and Francis
260 _c2007
365 _a
365 _b230
856 _uhttp://www.taylorfrancis.com/books/9780203608302
942 _cEBOOK
999 _c1778933
_d1778933